Летопись периодических изданий СССР. 1966-1970: государственный библиографический указатель СССР; в 2 ч.; Ч. 2 : Газеты

Bibliografiske detaljer
Institution som forfatter: Всесоюзная книжная палата
Sprog:russisk
Udgivet: Москва, Изд-во Всесоюз. книжной палаты, 1975
Fag:
Format: Bog
KOHA link:https://koha.lib.tpu.ru/cgi-bin/koha/opac-detail.pl?biblionumber=88318

MARC

LEADER 00000nam0a2200000 4500
001 88318
005 20231031102606.0
035 |a (RuTPU)RU\TPU\book\94798 
035 |a RU\TPU\book\33270 
090 |a 88318 
100 |a 20051222d1975 m y0rusy50 ca 
101 0 |a rus 
102 |a RU 
105 |a y a 001zy 
200 1 |a Летопись периодических изданий СССР. 1966-1970  |e государственный библиографический указатель СССР   |e в 2 ч.  |f Всесоюзная книжная палата  |h Ч. 2 : Газеты 
210 |a Москва  |c Изд-во Всесоюз. книжной палаты  |d 1975 
215 |a 492 с. 
320 |a Указ. в конце кн.: с. 415 - 489. 
610 1 |a библиография 
610 1 |a государственная библиография 
610 1 |a указатели 
610 1 |a периодические издания 
610 1 |a газеты 
686 |a Я12  |v LBC/SL-A  |2 rubbk 
712 0 2 |a Всесоюзная книжная палата 
801 0 |a RU  |b 63413507  |c 20011210  |g PSBO 
801 2 |a RU  |b 63413507  |c 20140123  |g PSBO 
942 |c BK